Physics Vol.II 5th Edition (Record no. 314151)
[ view plain ]
| 000 -LEADER | |
|---|---|
| fixed length control field | 00438 a2200181 4500 |
| 001 - CONTROL NUMBER | |
| control field | 79078 |
| 082 ## - DEWEY DECIMAL CLASSIFICATION NUMBER | |
| Classification number | 530 RES |
| 090 ## - LOCALLY ASSIGNED LC-TYPE CALL NUMBER (OCLC); LOCAL CALL NUMBER (RLIN) | |
| -- | 39572 |
| -- | 39572 |
| 100 ## - MAIN ENTRY--PERSONAL NAME | |
| Personal name | Robert Resnick ; Halliday |
| 245 ## - TITLE STATEMENT | |
| Title | Physics Vol.II 5th Edition |
| Medium | English |
| 250 ## - EDITION STATEMENT | |
| Edition statement | 5 |
| 260 ## - PUBLICATION, DISTRIBUTION, ETC. | |
| Place of publication, distribution, etc. | India |
| Name of publisher, distributor, etc. | John Wiley |
| Date of publication, distribution, etc. | 2010 |
| 300 ## - PHYSICAL DESCRIPTION | |
| Extent | xiii 1221p |
| 500 ## - GENERAL NOTE | |
| General note | DOS BS Reference Books |
| 505 ## - FORMATTED CONTENTS NOTE | |
| Formatted contents note | AHQ Books |
| 600 ## - SUBJECT ADDED ENTRY--PERSONAL NAME | |
| Personal name | David Halliday |
| 610 ## - SUBJECT ADDED ENTRY--CORPORATE NAME | |
| Corporate name or jurisdiction name as entry element | Kenneth S.Krane |
| 942 ## - ADDED ENTRY ELEMENTS (KOHA) | |
| Institution code [OBSOLETE] | CAE NUST |
| Call number prefix | 530 RES |
| Withdrawn status | Lost status | Damaged status | Not for loan | Collection code | Permanent Location | Current Location | Date acquired | Total Checkouts | Full call number | Barcode | Date last seen | Price effective from | Koha item type |
|---|---|---|---|---|---|---|---|---|---|---|---|---|---|
| College of Aeronautical Engineering (CAE) | College of Aeronautical Engineering (CAE) | 04/03/2017 | 530 RES | CAE82184 | 04/05/2017 | 04/05/2017 | Book | ||||||
| College of Aeronautical Engineering (CAE) | College of Aeronautical Engineering (CAE) | 04/03/2017 | 530 RES | CAE82185 | 04/05/2017 | 04/05/2017 | Book |
